Sutra Vahini : (Record no. 41552)

MARC details
000 -LEADER
fixed length control field 00775nam a22002057a 4500
005 - DATE AND TIME OF LATEST TRANSACTION
control field 2010081302092.0
010 ## - LCCN (DPL NO)
LC control number ENG-100207
020 ## - INTERNATIONAL STANDARD BOOK NUMBER
International Standard Book Number 9788172087302
Terms of availability 38.00
035 ## - SYSTEM CONTROL NUMBER
System control number EN-83739
037 ## - SOURCE OF ACQUISITION
Source of stock number/acquisition DBAD/PUB
082 ## - DEWEY DECIMAL CLASSIFICATION NUMBER
Classification number 230.35
100 ## - MAIN ENTRY--PERSONAL NAME
Personal name Sai Baba
245 ## - TITLE STATEMENT
Title Sutra Vahini :
Remainder of title stream of aphorisms on Brahman /
Statement of responsibility, etc by Sri Sathya Sai Baba
260 ## - PUBLICATION, DISTRIBUTION, ETC. (IMPRINT)
Place of publication, distribution, etc Prasanthi Nilayam
Name of publisher, distributor, etc Sri Sathya Sai Sadhana Trust
Date of publication, distribution, etc 2009
270 ## - ADDRESS
Address Prasanthi Nilayam , Andhra Pradesh
City Anantapur Disitrict,
Postal code 515134
300 ## - PHYSICAL DESCRIPTION
Extent vii,118p.
Dimensions 21cm (pbk)
500 ## - GENERAL NOTE
General note Includes index
942 ## - ADDED ENTRY ELEMENTS (KOHA)
Source of classification or shelving scheme Dewey Decimal Classification
Item type English Books
Classification part 230.35
Call number suffix SAI
Holdings
Withdrawn status Lost status Not for loan Collection code Home library Current library Date acquired Source of acquisition Cost, normal purchase price Full call number Barcode Copy number Cost, replacement price Koha item type
    Not For Loan Non-fiction D.B.Act.Division D.B.Act.Division 13/08/2010 DBAD/PUB 38.00 230.35 SAI EN-83739 1 38.00 English Books

© Delhi Public Library
Hit Counter
free hit counter